[Event "1st WinTV Open"]
[Site "Chennai IND"]
[Date "2004.01.23"]
[Round "4"]
[White "Wijesurija,GL"]
[Black "Shyam,SM"]
[Result "1/2-1/2"]
[WhiteElo "2191"]
[BlackElo "1995"]

1.Nf3 Nf6 2.g3 g6 3.Bg2 Bg7 4.c4 O-O 5.Nc3 d6 6.d4 Nc6 7.O-O e5 8.dxe5 Nxe5
9.Nxe5 dxe5 10.Qxd8 Rxd8 11.Bg5 Rd4 12.Rfd1 c6 13.Be3 Rxd1+ 14.Rxd1 Be6 15.b3 Ng4
16.Bg5 f6 17.Bc1 f5 18.e4 Nf6 19.f4 exf4 20.e5 f3 21.Bxf3 Nd7 22.Bf4 Re8
23.Na4 Nxe5 24.Bxe5 Bxe5 25.Nc5 Bc8 26.Kg2 Bc7 27.b4 Bb6 28.Nd7 Rd8 29.Nxb6 Rxd1
30.Nxc8 Rd8 31.Nxa7 Ra8 32.Nxc6 Rxa2+ 33.Kg1 bxc6 34.Bxc6 Kf7 35.Bd5+ Ke7
36.b5 Rb2 37.h3 g5 38.Bg2 Kd6 39.Bf1 Kc5 40.Bd3 f4 41.Bxh7 Kxc4 42.h4 gxh4
43.gxf4 Kxb5 44.f5 Kc5 45.f6 Kd6 46.Bg8 Kd7 47.Bc4 h3 48.f7 Ke7 49.Be6 h2+
50.Kh1 Rf2 51.Bd5 Kf8 52.Bc4 Kg7 53.Bd5 Kh7 54.f8=Q Rxf8  1/2-1/2

[Event "TCh-AUT 2003-4"]
[Site "Velden AUT"]
[Date "2004.01.23"]
[Round "5"]
[White "Stangl,M"]
[Black "Polzin,R"]
[Result "0-1"]
[WhiteElo "2493"]
[BlackElo "2497"]

1.Nf3 Nf6 2.c4 g6 3.g3 Bg7 4.Bg2 O-O 5.d4 d6 6.O-O Nbd7 7.Qc2 e5 8.Rd1 Qe7
9.Nc3 c6 10.e4 exd4 11.Nxd4 Ne5 12.b3 Bg4 13.f3 c5 14.fxg4 cxd4 15.Rxd4 Nexg4
16.Ba3 Qe5 17.Rd3 Rfd8 18.Rad1 Qa5 19.Na4 b5 20.cxb5 Rac8 21.Qe2 Qxb5 22.Bh3 Qh5
23.Bxg4 Nxg4 24.Rxd6 Rxd6 25.Bxd6 Bd4+ 26.Rxd4 Rc1+ 27.Kg2 Qxh2+ 28.Kf3 Qh1+
29.Kf4 Qh6+ 30.Kf3 Qh1+ 31.Kf4 Rf1+ 32.Qxf1 Qxf1+ 33.Kxg4 h5+ 34.Kg5 Kg7
35.e5 f6+  0-1

[Event "Itau Cup 450th Ann"]
[Site "Sao Paulo BRA"]
[Date "2004.01.24"]
[Round "9"]
[White "Valiente,C"]
[Black "Matsuura,E"]
[Result "0-1"]
[WhiteElo "2332"]
[BlackElo "2460"]

1.Nf3 Nf6 2.c4 g6 3.g3 Bg7 4.Bg2 O-O 5.Nc3 d6 6.O-O e5 7.d3 Nc6 8.Rb1 a5
9.a3 Nh5 10.Ne1 f5 11.f4 exf4 12.gxf4 Re8 13.Nf3 Nd4 14.e3 Nxf3+ 15.Bxf3 Nf6
16.Bd2 c6 17.Qe2 d5 18.cxd5 cxd5 19.d4 b6 20.Qg2 Bb7 21.Rbc1 Qd7 22.Rc2 Ba6
23.Be2 Bxe2 24.Qxe2 Rac8 25.Rfc1 Qe6 26.Qd3 Ne4 27.Nxe4 fxe4 28.Qe2 Rxc2
29.Rxc2 Rc8 30.Rxc8+ Qxc8 31.Bc3 Qd7 32.Kf1 Bf6 33.Be1 h5 34.Kg2 Kh7 35.h3 Kh6
36.Kh2 Qc7 37.Kg2 Qc1 38.Qd2 Qxd2+ 39.Bxd2 a4 40.Be1 g5 41.fxg5+ Bxg5 42.Bf2 Kg6
43.Kf1 Kf7 44.Ke2 Ke6 45.Kd2 Kd7 46.Kc3 Be7 47.b4 Kc6 48.Bg3 Bg5 49.Kd2 Kb5
50.Bc7 Kc6 51.Bg3 Kb5 52.Bc7 Bh4 53.Kc2 Bf2 54.Bf4 Kc4 55.Bg5 b5 56.Bf4 Bh4
57.Bh6 Bf6 58.Bf4 Be7 59.Bh6 Bxb4 60.axb4 Kxb4 61.Kb2 a3+ 62.Ka2 Kc3  0-1

[Event "TCh-FRA Nat1 GpA"]
[Site "Nancy FRA"]
[Date "2004.01.30"]
[Round "1"]
[White "Roos,L"]
[Black "Netzer,J"]
[Result "1-0"]
[WhiteElo "2362"]
[BlackElo "2325"]

1.c4 Nf6 2.Nf3 g6 3.g3 Bg7 4.Bg2 O-O 5.O-O d5 6.cxd5 Nxd5 7.Nc3 Nb6 8.d3 Nc6
9.Be3 e5 10.Qd2 Re8 11.Bh6 Nd4 12.Bxg7 Kxg7 13.Ne1 c6 14.e3 Nf5 15.Rd1 Be6
16.Nf3 f6 17.b3 Qc7 18.e4 Nd4 19.Nxd4 exd4 20.Ne2 Qd6 21.Rc1 a5 22.Qb2 Red8
23.f4 Qb4 24.f5 Bf7 25.Rb1 Qd6 26.fxg6 hxg6 27.Rf2 c5 28.Rbf1 Nd7 29.Bh3 Ra6
30.Bxd7 Qxd7 31.Qc1 Qe7 32.g4 Qe5 33.Ng3 Bg8 34.Kg2 Qg5 35.Rf4 a4 36.b4 Rc6
37.b5 Rcc8 38.Qa3 b6 39.R1f2 Qe5 40.h4 c4 41.h5 Qd6 42.Qxa4 cxd3 43.Rxf6 Qxf6
44.h6+ Kxh6 45.Rxf6 Kg5 46.Rf2  1-0

[Event "9th HIT Open"]
[Site "Nova Gorica SLO"]
[Date "2004.01.31"]
[Round "2"]
[White "Kengis,E"]
[Black "Cebalo,M"]
[Result "1/2-1/2"]
[WhiteElo "2572"]
[BlackElo "2475"]

1.Nf3 Nf6 2.c4 g6 3.g3 Bg7 4.Bg2 O-O 5.d4 d6 6.O-O c6 7.Nc3 Qa5 8.e4 Bg4
9.h3 Bxf3 10.Bxf3 Nbd7 11.Rb1 c5 12.d5 a6 13.Bd2 Qc7 14.a4 Rfe8 15.g4 Nf8
16.Kg2 e6 17.g5 N6d7 18.Qc2 Rab8 19.b3 exd5 20.Nxd5 Qd8 21.Bg4 Ne6 22.f4 b5
23.Qd3 Nd4 24.axb5 axb5 25.cxb5 Rxb5 26.Bc3 Rb7 27.Bxd7 Qxd7 28.b4 Ra7 29.Ra1 Rxa1
30.Rxa1 Qb7  1/2-1/2

[Event "TCh-CZE Extraliga 2003-4"]
[Site "Czech Rep CZE"]
[Date "2004.02.08"]
[Round "7"]
[White "Konopka,M"]
[Black "Firt,S"]
[Result "0-1"]
[WhiteElo "2451"]
[BlackElo "2363"]

1.Nf3 Nf6 2.c4 g6 3.g3 Bg7 4.Bg2 O-O 5.d4 d6 6.Nc3 c6 7.O-O Qa5 8.h3 Be6
9.Nd2 Na6 10.a3 Rab8 11.e3 Rfc8 12.b4 Qd8 13.Bb2 b5 14.Qe2 Nc7 15.e4 a5 16.d5 cxd5
17.cxd5 Bd7 18.Nb3 axb4 19.axb4 Nfe8 20.Nd1 Na8 21.Bxg7 Nxg7 22.Ne3 Nb6 23.Ra6 Rc3
24.Nd4 Nc4 25.Nec2 e5 26.dxe6 Nxe6 27.Nxe6 fxe6 28.Rfa1 e5 29.Ra7 Rc8 30.h4 h5
31.Ne1 Bg4 32.Qa2 Qf6 33.Kh2 Be6 34.Qe2 Rf8 35.Ra8 Rb3 36.Bh3 Bf7 37.Nd3 d5
38.Rxf8+ Kxf8 39.Nc5 Qf3 40.Qxf3 Rxf3 41.Kg1 d4 42.Ra7 Rc3 43.Bf1 Rc1 44.Kg2 Rc2
45.Bd3 Rb2 46.Nd7+ Ke8 47.Nf6+ Kf8 48.Nd7+ Ke8 49.Bxc4 Bxc4 50.Nxe5 d3 51.Rd7 d2
52.Rd4 Bb3  0-1

[Event "TCh-FIN 2003-4"]
[Site "Finland FIN"]
[Date "2004.02.14"]
[Round "7"]
[White "Lehtinen,H"]
[Black "Sepp,O"]
[Result "1/2-1/2"]
[WhiteElo "2362"]
[BlackElo "2425"]

1.Nf3 Nf6 2.c4 g6 3.g3 Bg7 4.Bg2 O-O 5.O-O d6 6.Nc3 e5 7.d4 Nbd7 8.e4 c6
9.Be3 Ng4 10.Bg5 Qb6 11.h3 exd4 12.Na4 Qa6 13.hxg4 b5 14.c5 dxc5 15.Nxc5 Nxc5
16.Be7 Ne6 17.Bxf8 Kxf8 18.e5 Qb6 19.b4 a5 20.a3 Bb7 21.Qe2 Rd8 22.Ne1 c5
23.bxc5 Nxc5 24.Bxb7 Qxb7 25.Nd3 Nxd3 26.Qxd3 Bxe5 27.Rfb1 Rd5 28.Ra2 Bd6
29.Rc2 Kg7 30.Re1 b4 31.axb4 Bxb4 32.Rd1 Qd7 33.Rc4 Qxg4 34.Rxd4 Rxd4 35.Qxd4+ Qxd4
36.Rxd4 h5 37.Kg2  1/2-1/2

[Event "8th Open"]
[Site "St Lo FRA"]
[Date "2004.02.17"]
[Round "6"]
[White "Tetenkina,I"]
[Black "Stets,D"]
[Result "1-0"]
[WhiteElo "2197"]
[BlackElo "2377"]

1.Nf3 Nf6 2.c4 g6 3.g3 Bg7 4.Bg2 O-O 5.O-O d6 6.d4 Nbd7 7.Nc3 e5 8.e4 exd4
9.Nxd4 Re8 10.Re1 Nc5 11.h3 Bd7 12.Bf4 h6 13.Qc2 Nh7 14.Be3 Ne6 15.Rad1 Qc8
16.Kh2 a6 17.Qd2 h5 18.f4 Rb8 19.Nd5 b5 20.cxb5 axb5 21.f5 Nef8 22.Bh6 Qd8
23.Rf1 Be5 24.fxg6 Nxg6 25.Qf2 Kh8 26.Qxf7 Rg8 27.Nf5 h4 28.Kh1 Ra8 29.Nfe7 Nxe7
30.Nxe7 Qe8 31.Nxg8 Qxg8 32.gxh4 Be6 33.Qxg8+ Kxg8 34.Bf4 Bxb2 35.Rb1 Bc3
36.Rfc1 b4 37.e5 d5 38.Rc2 c6 39.Rbc1 Ra3 40.Bd2 Bf5 41.Rxc3 bxc3 42.Rxc3 Rxa2
43.Bh6 Rc2 44.Rf3 Bg6 45.e6 Rxg2 46.e7  1-0

[Event "TCh-SWE 2003-4"]
[Site "Goteborg SWE"]
[Date "2004.02.28"]
[Round "8"]
[White "Laveryd,P"]
[Black "Ziegler,A"]
[Result "0-1"]
[WhiteElo "2410"]
[BlackElo "2335"]

1.Nf3 Nf6 2.c4 g6 3.g3 Bg7 4.Bg2 O-O 5.O-O Re8 6.d4 d6 7.Nc3 Nbd7 8.d5 e5
9.e4 Rf8 10.Ne1 Ne8 11.Nd3 f5 12.f4 exf4 13.Bxf4 Nb6 14.Qb3 fxe4 15.Nxe4 Bf5
16.Rac1 Nd7 17.Qxb7 Nef6 18.Bg5 h6 19.Bxf6 Nxf6 20.Nef2 h5 21.c5 h4 22.cxd6 cxd6
23.Nf4 Rf7 24.Qa6 hxg3 25.hxg3 Bh6 26.Ne6 Qb8 27.Rc3 Qxb2 28.Rb3 Qe5 29.Rb7 Rxb7
30.Qxb7 Re8 31.g4 Bxe6 32.dxe6 Rxe6 33.Kh1 Re7 34.Qb3+ Kg7 35.Qf3 Qe3 36.Qd1 Qg3
37.Qd4 Bf4  0-1

[Event "II GM-Tage"]
[Site "Pulvermuehle GER"]
[Date "2004.02.28"]
[Round "11"]
[White "Bezold,M"]
[Black "Stellwagen,D"]
[Result "1/2-1/2"]
[WhiteElo "2456"]
[BlackElo "2489"]

1.c4 Nf6 2.g3 g6 3.Bg2 Bg7 4.Nf3 O-O 5.O-O d6 6.Nc3 Nc6 7.Rb1 Bf5 8.d3 Qd7
9.Re1 e5 10.Nd2 Bh3 11.Bh1 Ng4 12.Nde4 h6 13.f3 f5 14.fxg4 fxe4 15.Nxe4 Bxg4
16.Be3 Rf7 17.Qd2 Kh7 18.Rf1 Raf8 19.Rxf7 Rxf7 20.Rf1 Nd4 21.Bxd4  1/2-1/2

[Event "Dos Hermanas Internet Final"]
[Site "ICC INT"]
[Date "2004.03.13"]
[Round "1.1"]
[White "Fancsy,I"]
[Black "Movsesian,S"]
[Result "0-1"]
[WhiteElo "2403"]
[BlackElo "2639"]

1.c4 Nf6 2.Nf3 g6 3.g3 Bg7 4.Bg2 O-O 5.O-O d6 6.d4 Nbd7 7.Nc3 e5 8.e4 c6
9.h3 Qa5 10.Re1 exd4 11.Nxd4 Ne5 12.Bf1 Re8 13.Nb3 Qc7 14.Be3 Be6 15.Nd2 c5
16.b3 a6 17.a4 Qd7 18.g4 Nfxg4 19.hxg4 Bxg4 20.Be2 Bxe2 21.Qxe2 Qh3 22.Qf1 Nf3+
23.Nxf3 Qxf3 24.Bd2 Bxc3 25.Re3 Qg4+ 26.Rg3 Qxg3+ 27.fxg3 Bxd2 28.Qf3 Re6
29.Rd1 Bh6 30.Re1 Rae8 31.Re2 R8e7 32.g4 Bg5 33.Kg2 Kg7 34.Kg1 Re5 35.Kg2 R7e6
36.Kg1 Rf6 37.Qg2 Rf4 38.a5 Bh4 39.Qh3 Bg5 40.Qg2 Bd8 41.Qg3 Rf6 42.Qe1 Rfe6
43.Qc3 Kg8 44.Kf1 Rf6+ 45.Kg2 h5 46.gxh5 Rg5+ 47.Kh3 Rxh5+ 48.Kg4 Rh4+ 49.Kg3 Rff4
50.Qc2 Bf6 51.Qd1 Rhg4+ 52.Kh3 Be5 53.Qd2 Rg5 54.Qe1 Rf3+ 55.Kh4 Bf6 56.e5 dxe5  0-1

[Event "TCh-FIN 2003-4"]
[Site "Finland FIN"]
[Date "2004.03.14"]
[Round "9"]
[White "Lehtinen,H"]
[Black "Norri,J"]
[Result "1-0"]
[WhiteElo "2362"]
[BlackElo "2404"]

1.c4 g6 2.g3 Bg7 3.Bg2 Nf6 4.Nf3 O-O 5.O-O d6 6.Nc3 Nc6 7.Rb1 e5 8.d3 h6
9.b4 Be6 10.e4 Qd7 11.Nd5 Ne8 12.b5 Nd8 13.d4 f5 14.dxe5 fxe4 15.Nh4 g5 16.Ng6 Rf7
17.Bxe4 dxe5 18.Qc2 Nd6 19.Rd1 Qe8 20.Ba3 Bg4 21.f3 Be6 22.Rd2 Rd7 23.Nxc7 Rxc7
24.Rxd6 Rxc4 25.Qd3 Rd4 26.Rxd4 exd4 27.Ne7+ Kh8 28.Ng6+ Kg8 29.Re1 Qd7 30.Ne7+ Kh8
31.Bh7 Bf7 32.Bg8  1-0

[Event "TCh-AUT 2003-4"]
[Site "Jenbach AUT"]
[Date "2004.03.19"]
[Round "9"]
[White "Stanec,N"]
[Black "Paehtz,T sr"]
[Result "1/2-1/2"]
[WhiteElo "2539"]
[BlackElo "2424"]

1.Nf3 Nf6 2.g3 g6 3.Bg2 Bg7 4.c4 O-O 5.Nc3 d6 6.O-O Nc6 7.Rb1 Bf5 8.d3 a5
9.a3 Qd7 10.Re1 Bh3 11.Bh1 h6 12.b4 axb4 13.axb4 e5 14.b5 Nd8 15.Bb2 Ng4
16.d4 exd4 17.Nd5 Ne6 18.Nxd4  1/2-1/2

[Event "FSGM April"]
[Site "Budapest HUN"]
[Date "2004.04.09"]
[Round "7"]
[White "Kustar,S"]
[Black "Vajda,L"]
[Result "1/2-1/2"]
[WhiteElo "2351"]
[BlackElo "2482"]

1.Nf3 Nf6 2.c4 g6 3.g3 Bg7 4.Bg2 O-O 5.d4 d6 6.O-O Nbd7 7.Nc3 e5 8.e4 exd4
9.Nxd4 Re8 10.h3 a6 11.Re1 c5 12.Nf3 Nb6 13.Qd3 Be6 14.b3 Qc7 15.Bf4 Rad8
16.Rad1 Nc8 17.Qc2 h6 18.Nd5 Bxd5 19.cxd5 Nd7 20.Rc1  1/2-1/2

[Event "6th Foxwoods Open"]
[Site "Connecticut USA"]
[Date "2004.04.09"]
[Round "4"]
[White "Donaldson,J"]
[Black "Mac Intyre,P"]
[Result "1-0"]
[WhiteElo "2459"]
[BlackElo "2262"]

1.Nf3 Nf6 2.c4 g6 3.g3 Bg7 4.Bg2 O-O 5.d4 d6 6.O-O c5 7.Nc3 Nc6 8.dxc5 dxc5
9.Bf4 Nh5 10.Be3 b6 11.Qc1 Bb7 12.Rd1 Qc8 13.Bh6 Qe6 14.Bxg7 Kxg7 15.Nd5 Rad8
16.Qc3+ Nf6 17.Rd3 Kg8 18.Rad1 Ne4 19.Qc1 Nd6 20.Re3 Qc8 21.Rxe7 Nf5 22.Rc7 Qb8
23.Qf4 Rd6 24.Ne7+ Ncxe7 25.Rxd6 Nxd6 26.Rxe7 Qd8 27.Re3 Nf5 28.Rd3 Qe7 29.e3 Rd8
30.Rxd8+ Qxd8 31.h4 Qd1+ 32.Kh2 Bxf3 33.Bxf3 Qd2 34.Bd5 h5 35.Kg2 Kg7 36.Qe5+ Kg8
37.Qb8+ Kg7 38.Qe8 Nh6 39.Qe5+ Kg8 40.Qf6 Qd3 41.e4 Kh7 42.Qe7 Kh8 43.Bxf7 Nxf7
44.Qf8+  1-0

[Event "Constantin Ungureanu Mem"]
[Site "Bucharest ROM"]
[Date "2004.04.17"]
[Round "3"]
[White "Ionescu,Co"]
[Black "Djukic,Ni"]
[Result "0-1"]
[WhiteElo "2465"]
[BlackElo "2449"]

1.Nf3 Nf6 2.c4 g6 3.g3 Bg7 4.Bg2 O-O 5.O-O d6 6.Nc3 a6 7.d4 Nc6 8.Bd2 e5
9.dxe5 dxe5 10.Bg5 Be6 11.Nd5 Bxd5 12.cxd5 Qxd5 13.Qxd5 Nxd5 14.Nxe5 Nxe5
15.Bxd5 c6 16.Bb3 h6 17.Bd2 a5 18.a4 Nd7 19.Rfb1 Nc5 20.Bc2 Rfd8 21.Be1 Ne6
22.Ra2 Bf8 23.e3 Bb4 24.Kf1 Rd6 25.Rd1 Rxd1 26.Bxd1 Nc5 27.Bc2 Rd8 28.Ra1 Bxe1
29.Rxe1 b5 30.axb5 cxb5 31.Ke2 a4 32.Rc1 Kg7 33.h4 Rd6 34.g4 g5 35.hxg5 hxg5
36.Bf5 Nb3 37.Rc2 b4 38.Bd3 a3 39.bxa3 bxa3 40.Bc4 Rc6 41.Kd3 a2 42.Rxa2 Nc1+
43.Kd2 Rxc4 44.Ra3 Rc5 45.f3 Ra5  0-1

[Event "6th Open"]
[Site "Dubai UAE"]
[Date "2004.04.23"]
[Round "5"]
[White "Dizdar,G"]
[Black "Othman,A"]
[Result "1/2-1/2"]
[WhiteElo "2531"]
[BlackElo "2352"]

1.c4 Nf6 2.Nf3 g6 3.g3 Bg7 4.Bg2 O-O 5.O-O d6 6.d4 c6 7.Nc3 Qa5 8.e4 Bg4
9.h3 Bxf3 10.Bxf3 Nbd7 11.Rb1 c5 12.d5 a6 13.a4 Rfb8 14.Qc2 Ne8 15.Bd2 Qd8
16.Be2 Nc7 17.Kg2 e6 18.a5 b6 19.axb6 Nxb6 20.Ra1 Rb7 21.Ra3 Rab8 22.Rb1 exd5
23.exd5 Nd7 24.b3 Qe7 25.Re1 Qf8 26.Bd1 Nf6 27.Bg5 Re8 28.Qd2 Rbb8 29.Rxe8 Rxe8
30.Bc2 h6 31.Bf4 Nh5 32.Be3 f5 33.Ne2 Qf7 34.b4 cxb4 35.Qxb4 g5 36.Qxd6 Bf8
37.Qc6 Bxa3 38.Qxh6 Ng7 39.Qxg5 Qh5 40.Qxh5 Nxh5 41.Bxf5 Kf7 42.g4 Ng7 43.Bd3 a5
44.Nf4 Na6 45.Bg6+ Ke7 46.Bxe8 Nxe8 47.Bd4 Bc5 48.Ba1 a4 49.h4 Nb4 50.h5 Nc2
51.Ng6+ Kf7 52.Ne5+ Kg8 53.Nd3 Nxa1 54.Nxc5 a3 55.Na4 Nb3 56.Nc3 Nd6 57.Kf3 Nd2+
58.Ke2 N2xc4 59.Kd3 Ne5+ 60.Kc2 Nxg4 61.Kb3  1/2-1/2

[Event "6th Open"]
[Site "Dubai UAE"]
[Date "2004.04.25"]
[Round "7"]
[White "Dizdar,G"]
[Black "Prasad,D"]
[Result "1-0"]
[WhiteElo "2531"]
[BlackElo "2397"]

1.Nf3 Nf6 2.c4 g6 3.g3 Bg7 4.Bg2 O-O 5.O-O d5 6.cxd5 Nxd5 7.d4 Nb6 8.Nc3 Nc6
9.d5 Na5 10.Qc2 c6 11.dxc6 Nxc6 12.Rd1 Bf5 13.e4 Bd7 14.Nd5 Nxd5 15.exd5 Na5
16.Qe2 Ba4 17.Rd4 Bxd4 18.Nxd4 Qd6 19.b3 Bd7 20.Bb2 Rac8 21.Rd1 Rfd8 22.Bf3 b6
23.Qe3 f6 24.Qh6 e5 25.dxe6 Bxe6 26.h4 Qd7 27.Re1 Bf7 28.h5 Re8 29.Rd1 Qe7
30.hxg6 hxg6 31.Nf5 Qf8 32.Bxf6 Qxh6 33.Nxh6+ Kf8 34.Rd7 Re1+ 35.Kg2 Be6
36.Rxa7 Ke8 37.Re7+ Kf8 38.Rg7 Rcc1 39.Bb2 Rc2 40.Ba3+ Ke8 41.Bb4 Re5 42.Re7+ Kd8
43.Nf7+ Bxf7 44.Rxe5 Rxa2 45.Bd5 Bxd5+ 46.Rxd5+ Ke8 47.Rd6 Kf7 48.Rxb6 Nxb3
49.Bc3 Nc5 50.Rf6+ Ke7 51.Rxg6  1-0

[Event "FSGM May"]
[Site "Budapest HUN"]
[Date "2004.05.02"]
[Round "2"]
[White "Kustar,S"]
[Black "Seres,L"]
[Result "1/2-1/2"]
[WhiteElo "2351"]
[BlackElo "2497"]

1.Nf3 Nf6 2.c4 g6 3.g3 Bg7 4.Bg2 O-O 5.d4 d6 6.O-O Nbd7 7.Nc3 e5 8.e4 c6
9.h3 Qb6 10.Re1 exd4 11.Nxd4 Ne8 12.Nb3 a5 13.Be3 Qb4 14.Nd4 Qxb2 15.Na4 Qa3
16.Bf1 Nc5 17.Nb6 Rb8 18.Rb1 Nc7 19.Bc1 Qxa2 20.Rb2 Qa1 21.Nc2 Qxb2 22.Bxb2 Bxb2
23.Qxd6 N7a6 24.Qd2 a4 25.Qa5 a3 26.Re3 Bc1 27.Rf3 Nxe4 28.Qe1 Ng5 29.Rd3 Bb2
30.Nxa3 Bf5 31.Rb3 Nc5 32.Re3 Bd4 33.h4 Bxe3 34.Qxe3 Nge6 35.f3 Rbd8 36.g4 Bd3
37.Bg2 Rfe8 38.Qe5 Rd4 39.h5 Rf4 40.h6 f6 41.Qd6 Rd4 42.Nd5 cxd5 43.Nb5 Rxc4
44.Nc7 Nxc7 45.Qxc7 Ne6 46.Qd7 Rcc8 47.f4 Rcd8 48.Qxb7 Be4 49.Bxe4 dxe4 50.f5 gxf5
51.gxf5 Rb8 52.Qd7 Rbd8 53.Qb7  1/2-1/2

[Event "1st ACP Women Blitz"]
[Site "playchess.com INT"]
[Date "2004.05.02"]
[Round "10"]
[White "Harika,D"]
[Black "Kachiani,K"]
[Result "0-1"]
[WhiteElo "2368"]
[BlackElo "2439"]

1.Nf3 Nf6 2.c4 g6 3.g3 Bg7 4.Bg2 O-O 5.O-O d6 6.d4 Nc6 7.d5 Na5 8.Nfd2 c5
9.Nc3 a6 10.Qc2 Rb8 11.b3 b5 12.Bb2 e5 13.Rae1 Nd7 14.cxb5 axb5 15.f4 Qb6
16.Kh1 f5 17.e4 b4 18.Nd1 Ba6 19.Rf3 fxe4 20.Nxe4 c4 21.bxc4 Bxc4 22.Ne3 Bxa2
23.fxe5 Nxe5 24.Bxe5 b3 25.Qf2 Bxe5 26.Rf1 Rxf3 27.Qxf3 Qa7 28.Nf6+ Kh8 29.Neg4 b2
30.Nxe5 dxe5 31.Nxh7 Qxh7 32.Qe2 Qg7 33.Be4 b1=Q 34.Bxb1 Rxb1 35.Rxb1 Bxb1
36.Qe1 Bd3 37.Qxa5 Qf7 38.Qe1 Qf3+ 39.Kg1 Be4 40.Qd2 Qh1+ 41.Kf2 Qg2+ 42.Ke1 Qg1+
43.Ke2 Qxh2+ 44.Ke3 Qxd2+ 45.Kxd2 Bxd5 46.Ke3 Kg7 47.g4 Kf6  0-1

[Event "ch-POL w"]
[Site "Warsaw POL"]
[Date "2004.05.05"]
[Round "9"]
[White "Krupa,M"]
[Black "Nowak,D"]
[Result "1-0"]
[WhiteElo "2220"]
[BlackElo "2155"]

1.Nf3 Nf6 2.c4 g6 3.g3 Bg7 4.Bg2 O-O 5.d4 d6 6.O-O Nc6 7.d5 Na5 8.Nfd2 c5
9.Nc3 a6 10.Rb1 Rb8 11.b3 b5 12.Bb2 h5 13.h3 bxc4 14.bxc4 Bh6 15.Ba1 Rxb1
16.Ncxb1 e5 17.dxe6 fxe6 18.Qc2 Kh7 19.Ne4 Nxe4 20.Bxe4 Rg8 21.Rd1 Qc7 22.Nd2 e5
23.Nf3 Be6 24.Nh4 Bf7 25.Rb1 Bg5 26.Nf3 Bh6 27.Bc3 Nc6 28.Qa4 Rb8 29.Qxa6 Nb4
30.Bxb4 cxb4 31.Bd5 Bxd5 32.cxd5 Rb6 33.Qd3 Qe7 34.Qe4 Ra6 35.Qc4 Qa7 36.Rxb4 Rxa2
37.Qc6 Bg7 38.Rb7  1-0

[Event "Invitational"]
[Site "Santa Monica USA"]
[Date "2004.05.12"]
[Round "2"]
[White "Donaldson,J"]
[Black "Matikozian,A"]
[Result "1/2-1/2"]
[WhiteElo "2459"]
[BlackElo "2467"]

1.Nf3 Nf6 2.c4 g6 3.g3 Bg7 4.Bg2 O-O 5.d4 d6 6.O-O c6 7.Nc3 Qa5 8.e4 e5 9.h3 exd4
10.Nxd4 Qc5 11.Nde2 Qxc4 12.Qxd6 Na6 13.Be3 Re8 14.b3 Qe6 15.Rad1  1/2-1/2

[Event "22nd LIE-Open"]
[Site "Triesen LIE"]
[Date "2004.05.14"]
[Round "1"]
[White "Torricelli,A"]
[Black "Afek,Y"]
[Result "0-1"]
[WhiteElo "2015"]
[BlackElo "2338"]

1.c4 Nf6 2.g3 g6 3.Bg2 Bg7 4.Nf3 O-O 5.O-O d6 6.Nc3 c5 7.d3 Nc6 8.Ne1 Be6
9.Nc2 d5 10.cxd5 Nxd5 11.Bd2 b6 12.Ne3 Nxe3 13.fxe3 Rc8 14.a3 Na5 15.Rb1 Bb3
16.Qc1 e5 17.Rf2 c4 18.Qf1 Bc2 19.Nd5 Bxb1 20.Qxb1 Nb3 21.Bc3 Rc5 22.Bb4 Rxd5
23.Bxd5 Qxd5 24.Bxf8 Bxf8 25.dxc4 Qxc4 26.Qd1 Nc5 27.b4 Ne4 28.Rf1 Nc3 29.Qd7 Nxe2+
30.Kg2 a5 31.bxa5 bxa5 32.Qd8 Qe4+ 33.Rf3  0-1

[Event "Rapid Open"]
[Site "Cergy Pontoise FRA"]
[Date "2004.05.16"]
[Round "4"]
[White "Veron,C"]
[Black "Kazhgaleyev,M"]
[Result "0-1"]
[WhiteElo "2129"]
[BlackElo "2596"]

1.Nf3 Nf6 2.c4 g6 3.g3 Bg7 4.Bg2 O-O 5.O-O d6 6.d4 Nc6 7.Nc3 a6 8.d5 Na5
9.Nd2 c5 10.a3 b6 11.Rb1 Bd7 12.b4 Nb7 13.Bb2 cxb4 14.axb4 a5 15.b5 Rc8 16.Na4 Ng4
17.Bxg7 Kxg7 18.Qb3 Qc7 19.h3 Nf6 20.Rfc1 e5 21.e4 Nc5 22.Nxc5 Qxc5 23.Qd3 h5
24.Rf1 h4 25.Nb3 Qxc4 26.Qxc4 Rxc4 27.gxh4 Nxe4 28.Bxe4 Rxe4 29.Rfc1 Rxh4
30.Rc7 Bf5 31.Re1 Rb4 32.Nd2 Rxb5 33.Nc4 Rxd5 34.Nxb6 Rd3 35.Ra1 Rxh3 36.Rxa5 Be4
37.f4 Rg3+ 38.Kf2 Rf3+ 39.Ke2 Rh8 40.fxe5 Rh2+ 41.Ke1 Bd3 42.exd6 Rf1+  0-1

[Event "22nd LIE-Open"]
[Site "Triesen LIE"]
[Date "2004.05.16"]
[Round "3"]
[White "Rotstein,A"]
[Black "Bezler,R"]
[Result "1/2-1/2"]
[WhiteElo "2517"]
[BlackElo "2228"]

1.c4 Nf6 2.Nf3 g6 3.g3 Bg7 4.Bg2 O-O 5.O-O d6 6.Nc3 e5 7.d3 Nc6 8.Rb1 a5
9.a3 Re8 10.Bg5 h6 11.Bxf6 Bxf6 12.b4 axb4 13.axb4 Bg7 14.b5 Ne7 15.Ne1 c6
16.Nc2 d5 17.bxc6 bxc6 18.Nb4 e4 19.Qc1 exd3 20.exd3 Bf5 21.cxd5 c5 22.Nc6 Nxc6
23.dxc6 Qxd3 24.Nd5 Qxb1 25.Qxb1 Bxb1 26.Rxb1 Rac8 27.Nb6 Rc7 28.Nc4 Bd4
29.Kf1 Re6 30.Rb6 Rf6 31.f4 g5 32.Ke2 gxf4 33.gxf4 Kf8 34.Kd3 Ke7 35.f5 Rxf5
36.Rb7 Kd8 37.Nd6 Rf2 38.Rb8+ Ke7 39.Nb5 Be5 40.Bd5 Rxh2 41.Rg8 Rh4 42.Nxc7 Bxc7
43.Ke3 Kd6 44.Be4 c4 45.Rg2 Bb6+ 46.Kf3 Ke5 47.Bh7 Rd4 48.Rb2 Bc7 49.Rb5+ Kd6
50.Be4 c3 51.Rh5 Rd2 52.Rxh6+ Ke5 53.Rh5+ Kd4 54.Rd5+ Kc4 55.Rxd2 cxd2 56.Ke2 Kc3
57.Bf5 Bd8 58.Kd1 Ba5  1/2-1/2

[Event "TCh-SCG"]
[Site "Petrovac SCG"]
[Date "2004.05.17"]
[Round "2"]
[White "Tadic,B"]
[Black "Brenjo,S"]
[Result "1/2-1/2"]
[WhiteElo "2451"]
[BlackElo "2464"]

1.Nf3 Nf6 2.c4 g6 3.g3 Bg7 4.Bg2 O-O 5.O-O d6 6.d4 Nc6 7.d5 Na5 8.Qa4 c5
9.Bd2 b6 10.Bc3 e6 11.Nfd2 exd5 12.cxd5 Ba6 13.Re1 Re8 14.Bf3 Qd7 15.Qh4 Qe7
16.Na3 Nd7 17.Qxe7 Rxe7 18.Ne4 Nb7 19.Bxg7 Kxg7 20.Nc3 Rae8 21.Rad1 Ne5 22.Bg2 Nc4
23.Nxc4 Bxc4 24.Bf1 Na5 25.Rb1 b5 26.b4 cxb4 27.Rxb4 a6 28.a4 Rb7 29.axb5 Bxb5
30.Ra1 Nc4 31.e3 Rc8 32.Nxb5 axb5 33.Ra6 Nd2 34.Rc6 Nf3+ 35.Kg2 Ne1+ 36.Kh3 Ra8
37.Rb1 Nf3 38.Rxb5 Rxb5 39.Bxb5 Ra2 40.Kg2 Ng5 41.Bd3 Rd2 42.Rc3 f5 43.h4 Nf7  1/2-1/2

[Event "TCh-SCG"]
[Site "Petrovac SCG"]
[Date "2004.05.18"]
[Round "3"]
[White "Tadic,B"]
[Black "Nevednichy,V"]
[Result "0-1"]
[WhiteElo "2451"]
[BlackElo "2544"]

1.Nf3 Nf6 2.c4 g6 3.g3 Bg7 4.Bg2 O-O 5.O-O d5 6.cxd5 Nxd5 7.d4 Nb6 8.Nc3 Nc6
9.d5 Na5 10.e4 c6 11.Bg5 h6 12.Bf4 Nac4 13.b3 g5 14.bxc4 gxf4 15.Qd3 fxg3
16.fxg3 Qd6 17.Nd2 Qb4 18.Rac1 Bd7 19.Kh1 Rac8 20.Ne2 e5 21.c5 Na4 22.Rc4 Qa5
23.Nb3 Qa6 24.Qc2 b6 25.Nbd4 cxd5 26.exd5 Rxc5 27.Rxc5 exd4 28.Rc4 d3 29.Qxd3 Nb2  0-1

[Event "TCh-SCG"]
[Site "Petrovac SCG"]
[Date "2004.05.20"]
[Round "5"]
[White "Tadic,B"]
[Black "Todorovic,J"]
[Result "1/2-1/2"]
[WhiteElo "2451"]
[BlackElo "2392"]

1.Nf3 Nf6 2.c4 g6 3.g3 Bg7 4.Bg2 O-O 5.O-O d6 6.d4 Nbd7 7.Qc2 e5 8.Rd1 Qe7
9.Nc3 c6 10.e4 Nb6 11.b3 Bg4 12.dxe5  1/2-1/2

[Event "TCh-SCG"]
[Site "Petrovac SCG"]
[Date "2004.05.21"]
[Round "6"]
[White "Kurcubic,A"]
[Black "Arsovic,G"]
[Result "1/2-1/2"]
[WhiteElo "2363"]
[BlackElo "2397"]

1.Nf3 Nf6 2.c4 g6 3.g3 Bg7 4.Bg2 O-O 5.O-O d6 6.d4 Nbd7 7.Nc3 e5 8.e4 exd4
9.Nxd4 Re8 10.Bg5 h6 11.Bf4 Nc5 12.Re1 Ng4 13.f3 Ne5 14.Bf1 Ne6 15.Nxe6 Bxe6
16.Bxe5 dxe5 17.Qxd8 Rexd8 18.Red1 c6 19.Rxd8+ Rxd8 20.Rd1 Rxd1 21.Nxd1 Bf8
22.Kg2 Bc5 23.b3 Bd4 24.Nf2 Kf8 25.Nd3 Ke7 26.g4 Kd6 27.Be2 a5 28.Bd1 b6
29.a4 Bd7 30.Bc2 b5 31.cxb5 cxb5 32.Kg3 bxa4 33.bxa4 Be6 34.h3 Be3 35.Kg2 Bd4
36.Kg3 Bc4 37.Kg2 Ke6 38.Nc1 Kd6 39.Nd3 Be6 40.Kg3 Be3 41.Kg2 Bd4 42.Kg3  1/2-1/2

[Event "57th ch-RUS Qualifier"]
[Site "St Petersburg RUS"]
[Date "2004.05.23"]
[Round "3"]
[White "Loginov,Va"]
[Black "Danin,A"]
[Result "1-0"]
[WhiteElo "2516"]
[BlackElo "2332"]

1.Nf3 Nf6 2.g3 g6 3.c4 Bg7 4.Bg2 O-O 5.d4 d5 6.cxd5 Nxd5 7.O-O Nb6 8.Nc3 Nc6
9.e3 a5 10.Ne1 a4 11.Nd3 a3 12.Rb1 axb2 13.Bxb2 e5 14.d5 Na5 15.Ba1 Nac4
16.Qe2 Qe7 17.Rfc1 Ra5 18.Nb4 Nd6 19.Ne4 Bf5 20.Nxd6 Qxd6 21.e4 Bd7 22.Qc2 Rc8
23.Bc3 Raa8 24.Nd3 Ba4 25.Qe2 Nd7 26.Bh3 c5 27.Rxb7 f5 28.Nb2 Nf6 29.Nc4 Qa6
30.Rb6 Qa7 31.Qb2 Nxe4 32.Rb7 Qa6 33.Bxe5 Bxe5 34.Nxe5 Qf6 35.Bg2 Nd6 36.Nc6 Qxb2
37.Rxb2 Re8 38.Bf1 Bxc6 39.dxc6 Ra5 40.Rd2 Ne4 41.Rd7  1-0

[Event "Chicago Open"]
[Site "Chicago USA"]
[Date "2004.05.28"]
[Round "1"]
[White "Fridman,D2"]
[Black "Kiewra,K"]
[Result "1-0"]
[WhiteElo "2594"]
[BlackElo "2275"]

1.Nf3 Nf6 2.c4 g6 3.g3 Bg7 4.Bg2 O-O 5.d4 d5 6.Nbd2 dxc4 7.Nxc4 Be6 8.b3 Bd5
9.Bb2 Nc6 10.O-O a5 11.Rc1 Ra6 12.a4 Qc8 13.e3 Rd8 14.Qe2 h6 15.Rfd1 Qe6
16.Qf1 Ne4 17.Ne1 Nb4 18.f3 Nd6 19.e4 Bxc4 20.bxc4 c5 21.Bh3 f5 22.d5 Qd7
23.Bxg7 Kxg7 24.Ng2 Qxa4 25.Nf4 Kh7 26.Ne6 Rc8 27.Qf2 Qa2 28.Qe3 Nxc4 29.Qc3 Rxe6
30.dxe6 Nd6 31.exf5 Nxf5 32.Bxf5 gxf5 33.Qe5 Rf8 34.Qxc5 Nc6 35.Rd7 Qxe6
36.Rxb7 Rf6 37.Rc7  1-0